Společná měna přichází
Vzťah novej menovej jednotky euro k peniazom 11 členských krajín Európskej menovej únie. Zloženie menového koša ECU. Fixné prepočítacie koeficienty medzi eurom a národnými menami. Vonkajšia hodnota ECU.
Saved in:
| Main Author: | |
|---|---|
| Format: | Book Chapter |
| Language: | Czech |
| Subjects: | |
| Tags: |
No Tags, Be the first to tag this record!
|
MARC
| LEADER | 00000naa a2200000 4500 | ||
|---|---|---|---|
| 001 | r033003 | ||
| 005 | 20230920095229.7 | ||
| 041 | 0 | |a cze | |
| 044 | |a CZ | ||
| 245 | 1 | 0 | |a Společná měna přichází |c Roman Šilha |
| 520 | |a Vzťah novej menovej jednotky euro k peniazom 11 členských krajín Európskej menovej únie. Zloženie menového koša ECU. Fixné prepočítacie koeficienty medzi eurom a národnými menami. Vonkajšia hodnota ECU. | ||
| 610 | 2 | 0 | |a mena |
| 610 | 2 | 0 | |a euro |
| 610 | 2 | 0 | |a únie menové |
| 610 | 2 | 0 | |a Európska menová únia |
| 610 | 2 | 0 | |a kôš menový |
| 610 | 2 | 0 | |a kurz výmenný |
| 610 | 2 | 0 | |a vzťahy devízovo-finančné |
| 100 | 1 | |a Šilha, Roman | |